Zváranie ocele DP 600 laserom = Laser Welding of DP 600 steel : Diplomová práca

Salvato in:
Dettagli Bibliografici
Autore principale: Rolník, Roman (Autore)
Altri autori: Kovačócy, Pavel, 1967- (xxx)
Natura: Manoscritto Libro
Lingua:slovacco
Pubblicazione: Trnava : STU v Bratislave MTF UVTE KZv, 2009
Soggetti:
Tags: Aggiungi Tag
Nessun Tag, puoi essere il primo ad aggiungerne!!

MARC

LEADER 00000ntm a22000003a 4500
001 stu187813
005 20160719160116.5
008 090723s2009----xo------------------slo-d
040 |a STU  |b slo 
041 0 |a slo 
044 |a xo 
100 1 |a Rolník, Roman  |4 aut 
245 1 |a Zváranie ocele DP 600 laserom = Laser Welding of DP 600 steel :  |b Diplomová práca 
260 |a Trnava :  |b STU v Bratislave MTF UVTE KZv,  |c 2009 
300 |a 92 s  |c 1 CD-ROM 
500 |a Študijný program: zváranie a spájanie materiálov 
500 |a Študijný odbor: 5.2.51 výrobné technológie 
650 7 |a zváranie ocelí  |2 stusub 
650 7 |a zváranie laserom  |2 stusub 
700 1 |a Kovačócy, Pavel,  |d 1967-  |4 xxx  |u M3000  |U MTF Materiálovotechnologická fakulta  |T MTF Ústav výrobných technológií  |X 4171  |U M3000  |Y 83  |7 A000004171 
700 1 |a Turňa, Milan  |4 csl  |u M3000  |U MTF Materiálovotechnologická fakulta  |T MTF Ústav výrobných technológií  |U M3000  |Y 83 
996 |b 284M070524  |c M*DP-8188  |l MMSKP  |s P  |a 0  |w stu187813_0001